ბათუმის შოთა რუსთაველის სახელმწიფო უნივერსიტეტის ბიბლიოთეკა

ახალი ისტორია. ნაკვ. 1 1640-1815 წლები : (ბიბ.ჩანაწერი № 55397)

000 -ლიდერი
ფიქსირებული სიგრძის საკონტროლო ველი 01444nam a2200277Ia 4500
001 - საკონტროლო ნომერი
საკონტროლო ველი 22478
003 - საკონტროლო ნომრის იდენტიფიკატორი
საკონტროლო ველი GE_BSU
005 - ბოლო ოპერაციის თარიღი და დრო
საკონტროლო ველი 20230321114823.0
008 - ფიქსირებული სიგრძის მონაცემთა ელემენტები - ზოგადი ინფორმაცია
ფიქსირებული სიგრძის საკონტროლო ველი 181216s2006||||ge |||||||||||||| ||geo||
020 ## - წიგნის საერთაშორისო სტანდარტული ნომერი
International Standard Book Number 9994046322
040 ## - კატალოგიზაციის წყარო
Transcribing agency GE_BSU
041 ## - ენის კოდი
Language code of text/sound track or separate title geo
080 ## - უნივერსალური ათობითი კლასიფიკაციის ინდექსი
Universal Decimal Classification number 94(100)"15/18"(075.8) თ-53
100 ## - მთავარი ჩანაწერი - პიროვნების სახელი
Personal name თვალავაძე, ვაჟა
9 (RLIN) 17232
245 ## - ცნობა სათაურის შესახებ
Title ახალი ისტორია. ნაკვ. 1 1640-1815 წლები :
Remainder of title სახელმძღვანელო /
Statement of responsibility, etc ვაჟა თვალავაძე ; რედ. გ. მანჯგალაძე.
264 ## - წარმოების, გამოცემის, დისტრიბუციის და სხვა ცნობები
გამოცემის, წარმოების, დისტრიბუციის... ადგილი თბილისი :
გამოცემის, წარმოების, დისტრიბუციის... სახელწოდება მერიდიანი,
გამოცემის, წარმოების, დისტრიბუციის... თარიღი 2006.
300 ## - ფიზიკური აღწერა
Extent 236 გვ. :
Other physical details ილ. ;
Dimensions 21სმ.
500 ## - ზოგადი შენიშვნა
General note გარეკანის პირველ გვრედზე იერიში ბასტილიის ციხეზე(1794, 14 ივლისი)
653 ## - INDEX TERM--UNCONTROLLED
Uncontrolled term ახალი ისტორია ნაკვ. 1 1640-1815 წლები
653 ## - INDEX TERM--UNCONTROLLED
Uncontrolled term ახალი ისტორიის სახელმძღვანელოები უმაღლესი სასწავლებლებისათვის.
653 ## - INDEX TERM--UNCONTROLLED
Uncontrolled term ისტორია
653 ## - INDEX TERM--UNCONTROLLED
Uncontrolled term მსოფლიოს ისტორია 1640-1815 წწ.
700 ## - ADDED ENTRY--PERSONAL NAME
Personal name მანჯგალაძე, გ.
Relator term რედაქტორი
9 (RLIN) 17233
942 ## - ADDED ENTRY ELEMENTS (KOHA)
Koha item type წიგნი
Source of classification or shelving scheme
ეგზემპლარები
ჩამოწერის სტატუსი დაკარგული ეგზემპლარის სტატუსი კლასიფიკაციის წყარო ან თაროზე გაწყობის სქემა დაზიანების სტატუსი არ გაიცემა მუდმივი მდებარეობა (დაცვის ადგილი) ამჟამინდელი ადგილსამყოფელი თაროზე განთავსების ადგილი შეძენის თარიღი ღირებულება, შესყიდვის ნორმალური ფასი სრული შენახვის შიფრი შტრიხკოდი ბოლო ოპერაციის თარიღი ეგზემპლარის მიმდევრობითი ნომერი (კეტერი?) ფასის ძალაში შესვლის თარიღი ეგზემპლარის სახეობა საჯარო შენიშვნა
          ბათუმის შოთა რუსთაველის სახელმწიფო უნივერსიტეტის მთავარი ბიბლიოთეკა ბათუმის შოთა რუსთაველის სახელმწიფო უნივერსიტეტის მთავარი ბიბლიოთეკა წიგნსაცავი 2018-12-17 23.00 94(100) 57703 2018-12-17 57703 2018-12-17 წიგნი 23.00 ₾.
          ბათუმის შოთა რუსთაველის სახელმწიფო უნივერსიტეტის მთავარი ბიბლიოთეკა ბათუმის შოთა რუსთაველის სახელმწიფო უნივერსიტეტის მთავარი ბიბლიოთეკა წიგნსაცავი 2018-12-17 23.00 94(100) 57704 2018-12-17 57704 2018-12-17 წიგნი 23.00 ₾.
          ბათუმის შოთა რუსთაველის სახელმწიფო უნივერსიტეტის მთავარი ბიბლიოთეკა ბათუმის შოთა რუსთაველის სახელმწიფო უნივერსიტეტის მთავარი ბიბლიოთეკა წიგნსაცავი 2018-12-17 23.00 94(100) 57705 2018-12-17 57705 2018-12-17 წიგნი 23.00 ₾.
          ბათუმის შოთა რუსთაველის სახელმწიფო უნივერსიტეტის მთავარი ბიბლიოთეკა ბათუმის შოთა რუსთაველის სახელმწიფო უნივერსიტეტის მთავარი ბიბლიოთეკა წიგნსაცავი 2018-12-17 23.00 94(100) 57706 2018-12-17 57706 2018-12-17 წიგნი 23.00 ₾.
          ბათუმის შოთა რუსთაველის სახელმწიფო უნივერსიტეტის მთავარი ბიბლიოთეკა ბათუმის შოთა რუსთაველის სახელმწიფო უნივერსიტეტის მთავარი ბიბლიოთეკა წიგნსაცავი 2018-12-17 23.00 94(100) 57707 2018-12-17 57707 2018-12-17 წიგნი 23.00 ₾.